000 01689nam a2200217 4500
001 0000010948
005 20250329165504.0
008 180709s2018 000 0 eng d
040 _aCO-CtgCURN
_bspa
_ccoctgcurn
082 0 _aTCS 2018
_bD542
100 1 _aDíaz López, Samir José.
245 1 0 _aCaracterización y evolución de las NIIF para pymes en la ciudad de Cartagena /
_cSamir José Díaz López.
260 _aCartagena de Indias :
_bCorporacion Universitaria Rafael Nuñez,
_c2018.
300 _a42 h.
504 _aTrabajo de grado (Contabilidad Sistematizada). Corporacion Universitaria Rafael Nuñez. Facultad de Ciencias Ciencias Contables y Administrativas. Contabilidad Sistematizada, 2018.
520 _aEl presente proyecto de grado dará a conocer la importancia de NIIF(normas internacionales de información financiera), este un temas de que se viene hablando actualmente en el mundo globalizado, donde obliga a unificar un solo lenguaje contable con propósito de estandarizar principios, conceptos y fundamentos al momento de medir y reconocer los hechos económicos realizados en una organización, puesto que para nadie es un secreto de que las NIIF son el gran salto que deben dar todas las empresas y los contadores públicos para llegar a internacionalizarse y no quedarse en el mercado.
650 0 _aContabilidad Sistematizada
_vTesis y disertaciones academicas.
856 7 _uhttps://unicurn.sharepoint.com/:b:/s/biblioteca/ER3TBIV2BOhIix_XXvjdXIQBLYOu16g_g5J2qe69Z6wx2g?e=TsBSPe
_zClick aqui para ver el recurso en texto completo
942 _2ddc
_cTG
_hTCS 2018
_iD542
999 _c5707
_d5707